Loading...
Course on optimization and best approximation
| Main Author: | |
|---|---|
| Format: | Printed Book |
| Published: |
Springer-Verlag, Berlin
1972
|
| Series: | Lecture Notes in Mathematics, No.0257
|
| Subjects: |
| LEADER | 00534nam a2200169 4500 | ||
|---|---|---|---|
| 082 | |a R LNM.0257 | ||
| 100 | |a Holmes, Richard B | ||
| 245 | |a Course on optimization and best approximation |c Richard B Holmes | ||
| 250 | |||
| 260 | |a Springer-Verlag, Berlin |c 1972 | ||
| 300 | |||
| 490 | |a Lecture Notes in Mathematics, No.0257 | ||
| 650 | |a Lecture Notes in Mathematics | ||
| 700 | |||
| 942 | |c BK | ||
| 999 | |c 200841 |d 200841 | ||
| 952 | |0 0 |1 0 |4 0 |6 R_LNM_0257_000000000000000 |7 0 |9 214190 |a MAT |b MAT |l 0 |o R LNM.0257 |p MAT1671 |r 2019-11-01 |w 2019-11-01 |y BK | ||